| 000 | 01130nam a2200241 4500 | ||
|---|---|---|---|
| 005 | 20211013194459.0 | ||
| 008 | 211013s1975 sp |||fr|||| 001 0 spa d | ||
| 020 | _a8472322440 | ||
| 040 |
_aCENDOC CAAAP _bspa _cCAAAP |
||
| 041 | _aspa | ||
| 050 |
_aKB 16 _b.A57 |
||
| 100 | 1 |
_94253 _aAndré-Vincent, Philippe |
|
| 245 |
_aDerecho de los indios y desarrollo en Hispanoamérica / _cPhilippe André-Vincent |
||
| 250 | _a1ra ed. | ||
| 260 |
_aMadrid, _c1975 |
||
| 300 | _a187 p. | ||
| 490 | _a(Ediciones Cultura Hispánica) | ||
| 505 | _aContiene : El derecho de los indios -- Indianismo e hispanidad -- Base religiosa y jurídica de la <<colonia>> -- El mundo hispanoamericano (avance histórico) -- Las luchas de la misión por el derecho de los indios -- La revolución de derecho natural - -Convivencia y desarrollo -- Principios de una cristianidad --Etapas y aspectos del desarrollo -- Un mundo en mestizaje -- Dichas y desdichas de la convivencia. | ||
| 650 | 1 | 0 |
_93408 _aDerecho indígena |
| 650 | 2 | 0 |
_972 _aDerechos de los pueblos originarios |
| 650 | 2 | 0 |
_9146 _aMovimientos Sociales |
| 942 |
_2lcc _b13 - 10 - 21 _cBK |
||
| 999 |
_c2665 _d2665 |
||